00261nam a2200097Ia 4500008004100000100001700041245005400058250000800112260003200120300001100152191201s2012 xx 000 0 und d aCHAUHAN, KPS 0aSimplified Approach to Workshop Technology Part 1 aRev c2012bEagle Pub.aNew Delhi a303+48